• 首页
  • 本馆介绍
  • 公告通知
  • 最新文献
  • 馆藏检索
  • 电子资源
  • 读者导购
  • 参考咨询
  • 我的图书馆
  • 登录
  • 详细信息显示
  • 放入我的书架
  • 预约/预借图书
  • 作者相关作品
  • 分类相关作品
  • 丛书相关作品
  • 出版社相关作品

书目信息

  • 表格格式
  • 工作单格式
  • 卡片格式
题名:
意象
    
 
作者: 叶朗 主编
分册: 第一期  
出版信息: 北京   北京大学出版社  2006
页数: 337页
开本: 24cm
丛书名:
单 册:
中图分类: B83-53
科图分类:
主题词: 美学--文集 , 美学
电子资源:
ISBN: 7-301-11247-5
000 00826nam0 2200241 450
001 012007760265
005 20070612110738.26
010    @a7-301-11247-5@dCNY35.00
100    @a20070515d2006 km y0chiy0120 ea
101 0  @achi
102    @aCN@b110000
105    @ay z 000yy
106    @ar
200 1  @a意象@Ayi xiang@h第一期@f叶朗主编@Fye lang zhu bian
210    @a北京@c北京大学出版社@d2006
215    @a337页@d24cm
330    @a本书全面阐述了美学热点、中国美学研究、中国古代“无”的哲学美学智慧及启示、西方美学研究等内容。分析了日常生活的日常性,指出了摆脱日常性的几种主要方式,特别是审美化的方式,同时对日常生活的审美化进行了深刻的反省。
606 0  @a美学@j文集
606 0  @a美学
690    @aB83-53@v4
701  0 @a叶朗@Aye lang@f(1938.10~)@4主编
801  0 @aCN@bRULIN@c20070612
905    @dB83-53@e241:1@s8
    
    意象.第一期/叶朗主编.-北京:北京大学出版社,2006
    337页;24cm
    
    
    ISBN 7-301-11247-5:CNY35.00
    本书全面阐述了美学热点、中国美学研究、中国古代“无”的哲学美学智慧及启示、西方美学研究等内容。分析了日常生活的日常性,指出了摆脱日常性的几种主要方式,特别是审美化的方式,同时对日常生活的审美化进行了深刻的反省。
●
相关链接 在E读中查询图书 在五车中查询图书 在当当中查询图书 在豆瓣中查询图书


正题名:意象     索取号:B83-53/241:1         预约/预借

序号 登录号 条形码 馆藏地/架位号 状态 备注
1 0576380   205763805   第一样本阅览室/ [索取号:B83-53/241:1] 在馆    
2 0576381   205763814   教育系资料室/ [索取号:B83-53/241:1] 在馆    
3 0576382   205763823   第一借阅区/ [索取号:B83-53/241:1] 在馆    
4 0576383   205763832   教育系资料室/ [索取号:B83-53/241:1] 在馆    
5 0576384   205763841   第一借阅区/ [索取号:B83-53/241:1] 在馆    
6 0576385   205763850   第一借阅区/ [索取号:B83-53/241:1] 在馆    
7 0576386   205763869   第一借阅区/ [索取号:B83-53/241:1] 在馆    
8 0576387   205763878   第一借阅区/ [索取号:B83-53/241:1] 在馆    
欢迎您!
大连网信软件有限公司© 版权所有